| 000 | 00643nam a2200217 a 4500 | ||
|---|---|---|---|
| 001 | 2599 | ||
| 003 | CDMR | ||
| 005 | 20131030103937.0 | ||
| 008 | 130130s1986||||||||||||||||||||||||||||d | ||
| 020 | _a8423314960 | ||
| 040 |
_aCDMR _bcat _cCDMR |
||
| 100 | 1 |
_aCasasús, Josep Maria _9799 |
|
| 245 | 1 | 0 |
_aLliçons de periodisme en Josep Pla _b: la modernització dels gèneres periodístics a Catalunya _cJosep Maria Casasús |
| 260 |
_aBarcelona _c1986 _bDestino |
||
| 300 | _a315 p. | ||
| 490 | 0 | _aEl Dofí | |
| 600 | 1 |
_9827 _aPla, Josep |
|
| 650 | 0 | 4 |
_94193 _aGèneres periodístics |
| 650 | 0 | 4 |
_93088 _aPeriodisme i literatura |
| 942 |
_cMON _2udc |
||
| 999 |
_c2599 _d2599 |
||